Podnikatel a paragrafy.

Charakteristika sústavy živnostenských úradov v ČSFR. Poplatky za registráciu živnosti. Dovozná daň. Licencie k dovozu a vývozu. Možnosti získania Sadzobníka dane z obratu, platného od 1. januára 1992.

Salvato in:
Dettagli Bibliografici
Natura: Capitolo di libro
Lingua:ceco
Soggetti:
Tags: Aggiungi Tag
Nessun Tag, puoi essere il primo ad aggiungerne!!

MARC

LEADER 00000naa a2200000 4500
001 r007002
005 20220831083942.2
041 0 |a cze 
044 |a [CS] 
245 1 0 |a Podnikatel a paragrafy. 
520 |a Charakteristika sústavy živnostenských úradov v ČSFR. Poplatky za registráciu živnosti. Dovozná daň. Licencie k dovozu a vývozu. Možnosti získania Sadzobníka dane z obratu, platného od 1. januára 1992. 
610 2 0 |a podnikanie drobné 
610 2 0 |a dane z obratu 
610 2 0 |a dovoz 
610 2 0 |a vývoz 
610 2 0 |a 1992 
610 2 0 |a ČSFR 
610 2 0 |a živnosti